Anne of Avonlea / (Record no. 135)
[ view plain ]
| 000 -LEADER | |
|---|---|
| fixed length control field | 00938cam a2200277Ia 4500 |
| 003 - CONTROL NUMBER IDENTIFIER | |
| control field | data |
| 005 - DATE AND TIME OF LATEST TRANSACTION | |
| control field | 20260322212007.0 |
| 008 - FIXED-LENGTH DATA ELEMENTS--GENERAL INFORMATION | |
| fixed length control field | data |
| 020 ## - INTERNATIONAL STANDARD BOOK NUMBER | |
| International Standard Book Number | 0553213148 |
| 020 ## - INTERNATIONAL STANDARD BOOK NUMBER | |
| International Standard Book Number | 9780553213140 |
| 040 ## - CATALOGING SOURCE | |
| Original cataloging agency | BRL |
| Transcribing agency | BRL |
| Modifying agency | OCLCG |
| -- | OCLCQ |
| -- | JZ6 |
| -- | OCLCQ |
| -- | BTCTA |
| -- | YDXCP |
| -- | OCLCG |
| 050 #4 - LIBRARY OF CONGRESS CALL NUMBER | |
| Classification number | PR9199.3.M6 |
| 082 04 - DEWEY DECIMAL CLASSIFICATION NUMBER | |
| Classification number | 813/.52 |
| Edition information | 21 |
| 099 ## - LOCAL FREE-TEXT CALL NUMBER (OCLC) | |
| Classification number | MONTG L |
| 001 - CONTROL NUMBER | |
| control field | data |
| 100 1# - MAIN ENTRY--PERSONAL NAME | |
| Personal name | Montgomery, L. M. |
| Dates associated with a name | 1874-1942. |
| Fuller form of name | (Lucy Maud), |
| 245 10 - TITLE STATEMENT | |
| Title | Anne of Avonlea / |
| Statement of responsibility, etc. | L. M. Montgomery. |
| 260 ## - PUBLICATION, DISTRIBUTION, ETC. | |
| Place of publication, distribution, etc. | New York : |
| Name of publisher, distributor, etc. | Bantam Books, |
| Date of publication, distribution, etc. | 1992. |
| 300 ## - PHYSICAL DESCRIPTION | |
| Extent | 276 p. ; |
| Dimensions | 18 cm. |
| 490 1# - SERIES STATEMENT | |
| Series statement | The Anne of Green Gables novels ; |
| Volume/sequential designation | #2 |
| 520 ## - SUMMARY, ETC. | |
| Summary, etc. | At sixteen Anne is grown up ... almost. When she begins her job as the new schoolteacher, the real test of her character begins. |
| 650 #0 - SUBJECT ADDED ENTRY--TOPICAL TERM | |
| Topical term or geographic name entry element | Schools |
| Form subdivision | Fiction. |
| 650 #0 - SUBJECT ADDED ENTRY--TOPICAL TERM | |
| Topical term or geographic name entry element | Teachers |
| Form subdivision | Fiction. |
| 655 #7 - INDEX TERM--GENRE/FORM | |
| Genre/form data or focus term | Bildungsromans. |
| Source of term | gsafd |
| 800 1# - SERIES ADDED ENTRY--PERSONAL NAME | |
| Personal name | Montgomery, L. M. |
| Fuller form of name | (Lucy Maud), |
| Dates associated with a name | 1874-1942. |
| Title of a work | Anne of Green Gables novels ; |
| Volume/sequential designation | #2. |
| Withdrawn status | Lost status | Damaged status | Not for loan | Home library | Current library | Shelving location | Date acquired | Total checkouts | Full call number | Barcode | Date last seen | Price effective from | Koha item type |
|---|---|---|---|---|---|---|---|---|---|---|---|---|---|
| Centerville | Centerville | General stacks | 22/03/2026 | 813/.52 21 | BC0010139 | 22/03/2026 | 22/03/2026 | Books |